Human Rights min a Developing Society / (Record no. 202630)

MARC details
000 -LEADER
fixed length control field 00557 a2200193 4500
005 - DATE AND TIME OF LATEST TRANSACTION
control field 20240503125719.0
010 ## - LCCN (DPL NO)
LC control number B-758855
020 ## - INTERNATIONAL STANDARD BOOK NUMBER
International Standard Book Number 8170249430
Terms of availability 400.00
035 ## - SYSTEM CONTROL NUMBER
System control number B-758855
037 ## - SOURCE OF ACQUISITION
Source of stock number/acquisition Gift/Unesco
082 ## - DEWEY DECIMAL CLASSIFICATION NUMBER
Classification number 342.54085
100 ## - MAIN ENTRY--PERSONAL NAME
Personal name Sen, Sankar
245 ## - TITLE STATEMENT
Title Human Rights min a Developing Society /
Remainder of title Sankar Sen
260 ## - PUBLICATION, DISTRIBUTION, ETC. (IMPRINT)
Place of publication, distribution, etc New Dilhi
Name of publisher, distributor, etc APH
Date of publication, distribution, etc 1998
270 ## - ADDRESS
Address New Delhi
300 ## - PHYSICAL DESCRIPTION
Extent 293 p.;
Dimensions 22cm. (Hb)
942 ## - ADDED ENTRY ELEMENTS (KOHA)
Institution code [OBSOLETE] dpl
Item type English Books
Source of classification or shelving scheme Dewey Decimal Classification
Classification part 342.54085
Call number suffix SEN
Holdings
Withdrawn status Lost status Not for loan Collection code Home library Current library Date acquired Source of acquisition Cost, normal purchase price Full call number Barcode Copy number Cost, replacement price Koha item type Public note
      Non-fiction Narela Narela 03/05/2024 Gift/29.4.24 400.00 342.54085 SEN B-758855 1 400.00 English Books Gift

© Delhi Public Library
Hit Counter
free hit counter